<?xml version="1.0" encoding="UTF-8"?>
<record
    xmlns:xsi="http://www.w3.org/2001/XMLSchema-instance"
    xsi:schemaLocation="http://www.loc.gov/MARC21/slim http://www.loc.gov/standards/marcxml/schema/MARC21slim.xsd"
    xmlns="http://www.loc.gov/MARC21/slim">

  <leader>01660nam0a22003131  4500</leader>
  <controlfield tag="001">rc\88017</controlfield>
  <controlfield tag="005">20250620174834.0</controlfield>
  <datafield tag="010" ind1=" " ind2=" ">
    <subfield code="a">5-7062-0044-0</subfield>
    <subfield code="9">25000</subfield>
  </datafield>
  <datafield tag="035" ind1=" " ind2=" ">
    <subfield code="a">(NLR Aleph) 005355264</subfield>
  </datafield>
  <datafield tag="090" ind1=" " ind2=" ">
    <subfield code="a">6840145</subfield>
    <subfield code="c">6840145</subfield>
  </datafield>
  <datafield tag="100" ind1=" " ind2=" ">
    <subfield code="a">20021216d1994    |||y0rusy50      ca</subfield>
  </datafield>
  <datafield tag="101" ind1="0" ind2=" ">
    <subfield code="a">rus</subfield>
  </datafield>
  <datafield tag="102" ind1=" " ind2=" ">
    <subfield code="a">RU</subfield>
  </datafield>
  <datafield tag="105" ind1=" " ind2=" ">
    <subfield code="a">a   |||||||||</subfield>
  </datafield>
  <datafield tag="200" ind1="1" ind2=" ">
    <subfield code="a">&#x41F;&#x443;&#x433;&#x43E;&#x432;&#x438;&#x446;&#x430;-&#x43A;&#x430;&#x43C;&#x435;&#x44F;</subfield>
    <subfield code="e">[&#x421;&#x431;&#x43E;&#x440;&#x43D;&#x438;&#x43A;</subfield>
    <subfield code="e">&#x41F;&#x435;&#x440;&#x435;&#x432;&#x43E;&#x434;</subfield>
    <subfield code="f">&#x421;&#x43E;&#x441;&#x442;. &#x411;. &#x413;&#x435;&#x440;&#x446;&#x435;&#x43D;&#x437;&#x43E;&#x43D;, &#x412;. &#x41A;&#x43E;&#x441;&#x43D;&#x438;&#x447;&#x435;&#x43D;&#x43A;&#x43E;</subfield>
    <subfield code="g">&#x425;&#x443;&#x434;&#x43E;&#x436;. &#x41C;&#x430;&#x43B;&#x438;&#x43A;&#x43E;&#x432;&#x430; &#x421;.]</subfield>
  </datafield>
  <datafield tag="210" ind1=" " ind2=" ">
    <subfield code="a">&#x421;&#x41F;&#x431;.</subfield>
    <subfield code="c">&#x41F;&#x435;&#x447;. &#x414;&#x432;&#x43E;&#x440;</subfield>
    <subfield code="d">1994</subfield>
  </datafield>
  <datafield tag="215" ind1=" " ind2=" ">
    <subfield code="a">473, [2] &#x441;.</subfield>
    <subfield code="c">&#x438;&#x43B;.</subfield>
    <subfield code="d">21</subfield>
  </datafield>
  <datafield tag="225" ind1="1" ind2=" ">
    <subfield code="a">&#x41C;&#x430;&#x43B;&#x44B;&#x439; &#x430;&#x432;&#x430;&#x43D;&#x442;&#x44E;&#x440;&#x43D;&#x44B;&#x439; &#x440;&#x43E;&#x43C;&#x430;&#x43D;</subfield>
  </datafield>
  <datafield tag="327" ind1="1" ind2=" ">
    <subfield code="a">&#x421;&#x43E;&#x434;&#x435;&#x440;&#x436;.: &#x41D;&#x430; &#x43E;&#x441;&#x442;&#x440;&#x43E;&#x432;&#x435; &#x41A;&#x43E;&#x43B;&#x438;&#x431;&#x440;&#x438;&#x44F; / &#x420;. &#x41A;&#x43E;&#x444;&#x43C;&#x435;&#x43D;. &#x41F;&#x440;&#x438;&#x43A;&#x43B;&#x44E;&#x447;&#x435;&#x43D;&#x438;&#x435; &#x434;&#x43E;&#x43A;&#x442;&#x43E;&#x440;&#x430; &#x425;&#x438;&#x440;&#x43D;&#x430; / &#x410;. &#x41B;&#x430;&#x43D;&#x434;&#x441;&#x431;&#x435;&#x440;&#x433;&#x435;&#x440;. &#x41F;&#x443;&#x433;&#x43E;&#x432;&#x438;&#x446;&#x430;-&#x43A;&#x430;&#x43C;&#x435;&#x44F; / &#x420;. &#x41E;&#x442;&#x442;&#x43E;&#x43B;&#x435;&#x43D;&#x433;&#x443;&#x438;. &#x41F;&#x435;&#x440;&#x43E; &#x444;&#x43B;&#x430;&#x43C;&#x438;&#x43D;&#x433;&#x43E; / &#x41A;. &#x41C;&#x43E;&#x43D;&#x440;&#x43E;</subfield>
  </datafield>
  <datafield tag="464" ind1=" " ind2="0">
    <subfield code="1">2001#$a&#x41D;&#x430; &#x43E;&#x441;&#x442;&#x440;&#x43E;&#x432;&#x435; &#x41A;&#x43E;&#x43B;&#x438;&#x431;&#x440;&#x438;&#x44F;</subfield>
    <subfield code="1">700#1$a&#x41A;&#x43E;&#x444;&#x43C;&#x435;&#x43D;$b&#x420;.</subfield>
    <subfield code="t">&#x41D;&#x430; &#x43E;&#x441;&#x442;&#x440;&#x43E;&#x432;&#x435; &#x41A;&#x43E;&#x43B;&#x438;&#x431;&#x440;&#x438;&#x44F;</subfield>
    <subfield code="a">&#x41A;&#x43E;&#x444;&#x43C;&#x435;&#x43D;, &#x420;.</subfield>
  </datafield>
  <datafield tag="464" ind1=" " ind2="0">
    <subfield code="1">2001#$a&#x41F;&#x440;&#x438;&#x43A;&#x43B;&#x44E;&#x447;&#x435;&#x43D;&#x438;&#x435; &#x434;&#x43E;&#x43A;&#x442;&#x43E;&#x440;&#x430; &#x425;&#x438;&#x440;&#x43D;&#x430;</subfield>
    <subfield code="1">700#1$a&#x41B;&#x430;&#x43D;&#x434;&#x441;&#x431;&#x435;&#x440;&#x433;&#x435;&#x440;$b&#x410;.</subfield>
    <subfield code="t">&#x41F;&#x440;&#x438;&#x43A;&#x43B;&#x44E;&#x447;&#x435;&#x43D;&#x438;&#x435; &#x434;&#x43E;&#x43A;&#x442;&#x43E;&#x440;&#x430; &#x425;&#x438;&#x440;&#x43D;&#x430;</subfield>
    <subfield code="a">&#x41B;&#x430;&#x43D;&#x434;&#x441;&#x431;&#x435;&#x440;&#x433;&#x435;&#x440;, &#x410;.</subfield>
  </datafield>
  <datafield tag="464" ind1=" " ind2="0">
    <subfield code="1">2001#$a&#x41F;&#x443;&#x433;&#x43E;&#x432;&#x438;&#x446;&#x430;-&#x43A;&#x430;&#x43C;&#x435;&#x44F;</subfield>
    <subfield code="1">700#1$a&#x41E;&#x442;&#x442;&#x43E;&#x43B;&#x435;&#x43D;&#x433;&#x443;&#x438;$b&#x420;.</subfield>
    <subfield code="t">&#x41F;&#x443;&#x433;&#x43E;&#x432;&#x438;&#x446;&#x430;-&#x43A;&#x430;&#x43C;&#x435;&#x44F;</subfield>
    <subfield code="a">&#x41E;&#x442;&#x442;&#x43E;&#x43B;&#x435;&#x43D;&#x433;&#x443;&#x438;, &#x420;.</subfield>
  </datafield>
  <datafield tag="464" ind1=" " ind2="0">
    <subfield code="1">2001#$a&#x41F;&#x435;&#x440;&#x43E; &#x444;&#x43B;&#x430;&#x43C;&#x438;&#x43D;&#x433;&#x43E;</subfield>
    <subfield code="1">700#1$a&#x41C;&#x43E;&#x43D;&#x440;&#x43E;$b&#x41A;.</subfield>
    <subfield code="t">&#x41F;&#x435;&#x440;&#x43E; &#x444;&#x43B;&#x430;&#x43C;&#x438;&#x43D;&#x433;&#x43E;</subfield>
    <subfield code="a">&#x41C;&#x43E;&#x43D;&#x440;&#x43E;, &#x41A;.</subfield>
  </datafield>
  <datafield tag="702" ind1=" " ind2="1">
    <subfield code="a">&#x413;&#x435;&#x440;&#x446;&#x435;&#x43D;&#x437;&#x43E;&#x43D;</subfield>
    <subfield code="b">&#x411;.</subfield>
    <subfield code="4">220</subfield>
  </datafield>
  <datafield tag="801" ind1=" " ind2="0">
    <subfield code="a">RU</subfield>
    <subfield code="b">NLR</subfield>
    <subfield code="g">psbo</subfield>
  </datafield>
  <datafield tag="801" ind1=" " ind2="1">
    <subfield code="a">RU</subfield>
    <subfield code="b">ELAR</subfield>
    <subfield code="2">rusmarc</subfield>
  </datafield>
  <datafield tag="852" ind1=" " ind2=" ">
    <subfield code="a">NLR</subfield>
    <subfield code="j">94-3/91</subfield>
  </datafield>
  <datafield tag="942" ind1=" " ind2=" ">
    <subfield code="c">BOOK</subfield>
  </datafield>
  <datafield tag="980" ind1=" " ind2=" ">
    <subfield code="a">NB</subfield>
  </datafield>
  <datafield tag="995" ind1=" " ind2=" ">
    <subfield code="5">2013-10-26</subfield>
    <subfield code="b">NLR01</subfield>
    <subfield code="c">NLR01</subfield>
    <subfield code="e">RF8</subfield>
    <subfield code="f">5355264-10</subfield>
    <subfield code="k">94-3/91</subfield>
    <subfield code="o">0</subfield>
    <subfield code="r">BOOK</subfield>
    <subfield code="s">94391_</subfield>
  </datafield>
</record>
